000 00359nam a22001337a 4500
020 _a978-81-8296-550-8
082 _a510
_bAGG/P
100 _aM.L.AGGARWAL, DEPINDRA VERMA
245 _aPERFECT SAMPLE PAPERS MATHEMATICS
_bCLASS IX TERM II
260 _aDELHI
_bARYA PUBLISHING COMPANY
_c2015
300 _a119
650 _aMATHS FOR CLASS IX
_zINDIA
942 _cBK
999 _c898
_d898